000 00272nam a2200109Ia 4500
008 220204s9999 xx 000 0 und d
020 _a8190046152
082 _a0582002
_bMAN
245 0 _aManorama yearbook 2002
260 _aKottayam
_bMalayala Manorama
_c2002
942 _cBK
999 _c42023
_d42023